00277nam a2200133Ia 45000030006000000080041000060400015000471000025000622450014000872600009001013000006001105460010001160050017001260STCL150530s9999 xx 000 0 und d aSTCLcSTCL aAshutosh Mukopadhyay aSaat Fere c1984 a0 aHindi20220125171251.0